| 000 | 00510nam a2200181Ia 4500 | ||
|---|---|---|---|
| 999 |
_c36539 _d36539 |
||
| 003 | OSt | ||
| 005 | 20201209095910.0 | ||
| 008 | 190216s9999||||xx |||||||||||||| ||und|| | ||
| 020 | _a8170298091 | ||
| 040 | _coclc | ||
| 082 |
_a652.55369 _bMAN/M |
||
| 100 |
_aMansfield, Ron _97306 |
||
| 245 | 0 |
_aMastering Word 97 / _cRon Mansfield |
|
| 250 | _a4th Ed. | ||
| 260 |
_bBpb Publications, _c1997. _aNew Delhi: |
||
| 300 | _a1037p | ||
| 942 |
_cREF _2ddc _h652.55369 _iMAN/M _k652.55369 _mMAN/M |
||